000 00632nam a22001697a 4500
999 _c60920
_d60920
005 20231120100900.0
008 231117s1977 ru ||||| |||| 00| 0 rus d
041 _arus
080 _a930.85(575) K-89
100 _a Кузьмина, Е/ E.
_920430
245 _aВ стране Кавата и Афрасиаба /
_cЕ. Е. Кузьмина.
264 _aМ. :
_bНаука,
_c1977.
300 _a144 с.
_b20 cm.
440 _aИз истории мировой культуры
_920434
653 _aკავათისა და აფრასიაბის ქვეყანაში
942 _2udc
_cᲬᲘᲒᲜᲘ